书目信息 |
| 题名: |
旅游文化的四类研究
|
|
| 作者: | 谢春山, 著 | |
| 分册: | ||
| 出版信息: | 北京 中国旅游出版社 2015 |
|
| 页数: | 303页 | |
| 开本: | 23cm | |
| 丛书名: | ||
| 单 册: | ||
| 中图分类: | F590-05 | |
| 科图分类: | ||
| 主题词: | 旅游文化--lv you wen hua--研究 | |
| 电子资源: | ||
| ISBN: | 978-7-5032-5136-8 | |
| 000 | 01180nam0 2200253 450 | |
| 001 | 340265 | |
| 005 | 20150625104610.04 | |
| 010 | @a978-7-5032-5136-8@dCNY48.00 | |
| 100 | @a20150408d2015 em y0chiy50 ea | |
| 101 | 0 | @achi |
| 102 | @aCN@b110000 | |
| 105 | @ay a 000yy | |
| 106 | @ar | |
| 200 | 1 | @a旅游文化的四类研究@Alv you wen hua de si lei yan jiu@d= Four types research on the tourism culture@f谢春山著@zeng |
| 210 | @a北京@c中国旅游出版社@d2015 | |
| 215 | @a303页@d23cm | |
| 320 | @a有书目 | |
| 330 | @a本书分为四部分, 旅游文化基础理论研究部分主要讨论了旅游文化研究的历程以及旅游文化的概念、内涵、结构、特征、渊源、主体、传统、旅游介入文化及其建设等宏观层面的理论问题;旅游文化专题研究部分主要探讨了旅游文化与资源文化、历史文化的关系;旅游文化教学研究部分主要讨论了旅游文化学的研究对象、研究内容、教学困境与对策、教材述评等;酒店文化研究部分主要探讨了酒店管理的理念及酒店文化的特征与启示、构建视角、塑造方法等内容。 | |
| 510 | 1 | @aFour types research on the tourism culture@zeng |
| 606 | 0 | @a旅游文化@Alv you wen hua@x研究 |
| 690 | @aF590-05@v5 | |
| 701 | 0 | @a谢春山,@Axie chun shan@f1966-@4著 |
| 801 | 0 | @aCN@b卓展宏图@c20150525 |
| 905 | @dF590-05@e436@f4 | |
| 旅游文化的四类研究= Four types research on the tourism culture/谢春山著.-北京:中国旅游出版社,2015 |
| 303页;23cm |
| ISBN 978-7-5032-5136-8:CNY48.00 |
| 本书分为四部分, 旅游文化基础理论研究部分主要讨论了旅游文化研究的历程以及旅游文化的概念、内涵、结构、特征、渊源、主体、传统、旅游介入文化及其建设等宏观层面的理论问题;旅游文化专题研究部分主要探讨了旅游文化与资源文化、历史文化的关系;旅游文化教学研究部分主要讨论了旅游文化学的研究对象、研究内容、教学困境与对策、教材述评等;酒店文化研究部分主要探讨了酒店管理的理念及酒店文化的特征与启示、构建视角、塑造方法等内容。 |
| ● |
| 相关链接 |
|
|
|
|
正题名:旅游文化的四类研究
索取号:F590-05/436
 
预约/预借
| 序号 | 登录号 | 条形码 | 馆藏地/架位号 | 状态 | 备注 |
| 1 | 864982 | 208649827 | 第一样本阅览室/ [索取号:F590-05/436] | 在馆 | |
| 2 | 864983 | 208649836 | 第一借阅区/ [索取号:F590-05/436] | 在馆 | |
| 3 | 864984 | 208649845 | 第一借阅区/ [索取号:F590-05/436] | 在馆 | |
| 4 | 864985 | 208649854 | 第一借阅区/ [索取号:F590-05/436] | 在馆 |